La novela picaresca española /

Guardado en:
Autor Principal: Alemán, Mateo
Otros Autores: Rico, Francisco
Formato: Libro
Publicado: Barcelona : Planeta, 1967
Series:Clásicos, 12
Materias:
Etiquetas: Agregar Etiqueta
Sin Etiquetas, Sea el primero en etiquetar este registro!
LEADER 00648nam a22002175a 4500
001 CEM.cems000426
005 20060210000000.0
008 130507s1967##################000#0#####d
003 CEMS
082 0 4 |a 863.3 
100 1 |a Alemán, Mateo 
245 1 0 |a La novela picaresca española / 
260 |a Barcelona :  |b Planeta,  |c 1967 
300 |a 912 p. 
490 0 |a Clásicos, 12 
505 0 |a Lazarillo de Tormes.- Guzmán de Alfarache, por Mateo Alemán.- 
653 |a Literatura 
653 |a Novela espaÑola-siglo 16 
653 |a Novela picaresca espaÑola 
700 1 |a Rico, Francisco 
859 |a CEMS  |b BIB. CEMS - 11 de abril  |h 863.3  |i N858  |p 8458.80  |t Ej.1